000 00701nam a2200217Ii 4500
001 2144
003 CO-ViMGA
008 241108s9999||||xx |||||||||||||| ||und||
020 _a8888405003
040 _aCO-ViMGA
_bspa
_erda
_cCO-ViMGA
041 0 _aspa
084 _aC PIT2
100 1 _aBianca Pitzorno
_945249
245 1 0 _aCuentos de la isla de las nuragas, o, historias de Elisa y de Prisca cuando eran pequeñas
264 1 _a[Lugar de publicación no identificado] : Arci Solidarietà Cesenate, 2001
300 _avolumen
336 _atext
_btxt
_2rdacontent
337 _aunmediated
_bn
_2rdamedia
338 _avolume
_bnc
_2rdacarrier
940 _aidficha_siabuc: 2099. -- ficha_no_siabuc:2144
999 _c39751
_d39751